[Event "17th Asian Cities"]
[Site "Jakarta INA"]
[Date "2011.04.23"]
[Round "2.6"]
[White "Tandukar, Naveen"]
[Black "Ibrahim, Ismail UAE"]
[Result "0-1"]
[WhiteElo "1978"]
[BlackElo "2158"]
[WhiteTeam "Kathmandu"]
[BlackTeam "Abu Dhabi"]
[WhiteFideId "5021189"]
[BlackFideId "9301038"]
[EventDate "2011.04.22"]

1. e4 c5 2. Nf3 Nc6 3. d4 cxd4 4. Nxd4 Nf6 5. Nc3 e5 6. Ndb5 d6 7. Bg5 a6 8. Na3
b5 9. Nd5 Be7 10. Nxe7 Nxe7 11. f3 Be6 12. c4 O-O 13. Qd2 Qd7 14. Rd1 Rfd8 15.
Be2 Qb7 16. b3 b4 17. Nc2 a5 18. O-O Ng6 19. Ra1 Qe7 20. a3 bxa3 21. Rxa3 h6 22.
Be3 Nh5 23. g3 f5 24. Rxa5 Rxa5 25. Qxa5 f4 26. Bf2 fxg3 27. Bxg3 Qg5 28. Kf2
Rf8 29. Rg1 Ngf4 30. Bf1 Qf6 31. Qc3 Bg4 32. Qe3 Bxf3 33. Ke1 Ne6 34. Bd3 Nd4
35. Rf1 Qg6 36. Nxd4 exd4 37. Qxd4 Nxg3 38. Rg1 Qg5 39. Rxg3 Qc1+ 40. Kf2 Bxe4+
41. Ke2 Qf1+ 42. Ke3 Qf2+ 0-1

[Event "17th Asian Cities"]
[Site "Jakarta INA"]
[Date "2011.04.23"]
[Round "2.6"]
[White "Zayed, Ali Al-hamed"]
[Black "Bajracharya, Rajendra"]
[Result "1-0"]
[WhiteElo "1928"]
[BlackElo "1989"]
[WhiteTeam "Abu Dhabi"]
[BlackTeam "Kathmandu"]
[WhiteFideId "9303340"]
[BlackFideId "12300241"]
[EventDate "2011.04.22"]

1. e4 e5 2. f4 exf4 3. Nf3 Nc6 4. d4 d6 5. Bxf4 Nf6 6. Nc3 Be7 7. a3 Bg4 8. Be2
O-O 9. O-O h6 10. Qd2 Re8 11. Bc4 Bf8 12. Rae1 Nxe4 13. Rxe4 Rxe4 14. Nxe4 d5
15. Bxc7 Qxc7 16. Bxd5 Rd8 17. Ba2 Bh5 18. c3 Qe7 19. Qf4 g5 20. Qf5 Kg7 21. Nh4
Rd7 22. Nf6 Bg6 23. Nxg6 fxg6 24. Qxd7 1-0

[Event "17th Asian Cities"]
[Site "Jakarta INA"]
[Date "2011.04.23"]
[Round "2.7"]
[White "Pourkashiyan, Atousa"]
[Black "Saleh, Nagueb"]
[Result "1/2-1/2"]
[WhiteTitle "WGM"]
[WhiteElo "2371"]
[BlackElo "2194"]
[WhiteTeam "Mashhad"]
[BlackTeam "Dubai"]
[WhiteFideId "12502014"]
[BlackFideId "9300058"]
[EventDate "2011.04.22"]

1. e4 d5 2. exd5 Qxd5 3. Nc3 Qa5 4. d4 Nf6 5. Nf3 c6 6. Bc4 Bf5 7. Bd2 Qc7 8.
Ne5 e6 9. Qe2 Nbd7 10. O-O-O h5 11. h3 Nxe5 12. dxe5 Nd5 13. g4 Bg6 14. f4 O-O-O
15. Bxd5 cxd5 16. f5 exf5 17. Nb5 Qc4 18. Qxc4+ dxc4 19. Bg5 Re8 20. gxf5 Bxf5
21. Nxa7+ Kb8 22. Nb5 Be7 23. Bf4 g5 24. Bh2 Be6 25. Bg1 Rd8 26. Ba7+ Kc8 27.
Nd6+ Bxd6 28. exd6 Kd7 29. Bd4 Rh6 30. h4 gxh4 31. Rxh4 Bg4 32. Rf1 Rxd6 33. Bc5
Rd5 34. Be3 f5 35. Rh2 Ke6 36. c3 Ra8 37. a3 Rad8 38. Bd4 Kf7 39. Kc2 Re8 40. b3
b5 41. bxc4 bxc4 42. Rb1 f4 43. Rb7+ Re7 44. Rb6 f3 45. Rf6+ Ke8 46. Rc6 Rb5 47.
Rb6 Rxb6 48. Bxb6 Rb7 49. Bf2 Rb3 50. a4 Ra3 51. Kd2 Rxa4 52. Ke3 Kf7 53. Bh4
Ra1 54. Kd4 Rg1 55. Kxc4 Be6+ 56. Kd4 Rg4+ 57. Ke3 Bd5 58. Kf2 Rc4 59. Bg3 Rxc3
60. Rxh5 Rc2+ 61. Ke1 Re2+ 62. Kf1 Be6 63. Rh4 Kg6 64. Rf4 Bh3+ 65. Kg1 Rg2+ 66.
Kh1 Rxg3 67. Kh2 Rg5 68. Kxh3 Rf5 69. Rxf5 Kxf5 70. Kg3 Ke4 71. Kf2 Kf4 72. Kf1
Kg3 73. Kg1 f2+ 74. Kf1 Kf3 1/2-1/2

[Event "17th Asian Cities"]
[Site "Jakarta INA"]
[Date "2011.04.23"]
[Round "2.7"]
[White "Al Razi, Naji Mohd Saeed"]
[Black "Ghader Pour, Shayesteh"]
[Result "0-1"]
[BlackTitle "WIM"]
[WhiteElo "2209"]
[BlackElo "2241"]
[WhiteTeam "Dubai"]
[BlackTeam "Mashhad"]
[WhiteFideId "9300813"]
[BlackFideId "12500747"]
[EventDate "2011.04.22"]

1. d4 Nf6 2. c4 e6 3. Nc3 Bb4 4. Qc2 O-O 5. a3 Bxc3+ 6. Qxc3 b6 7. f3 d5 8. e3
Bb7 9. Bd3 Nbd7 10. b3 c5 11. Ne2 Rc8 12. O-O cxd4 13. exd4 dxc4 14. bxc4 b5 15.
c5 Bc6 16. Bg5 a6 17. a4 bxa4 18. Bxa6 Ra8 19. Bd3 Qa5 20. Qc2 h6 21. Bd2 Qa7
22. Rfc1 Rfc8 23. Be3 Nd5 24. Bf2 Nb4 25. Qd2 Nxd3 26. Qxd3 Qa6 27. Qd2 Nf6 28.
Ra3 Nd5 29. Be1 Qb5 30. Bg3 Ra7 31. Rca1 Qb4 32. Qxb4 Nxb4 33. Rb1 Rb7 34. Nc3
Ra8 35. Rb2 Raa7 36. h4 Nd5 37. Rxb7 Rxb7 38. Nxd5 exd5 39. Be1 Rb1 40. Kf2 Rb2+
41. Kg1 Kf8 42. Re3 Rb1 43. Kf2 Rd1 44. g3 Rxd4 45. Bc3 Rc4 46. Be5 f6 47. Bd6+
Kg8 48. Re7 a3 49. Ra7 Ra4 0-1

[Event "17th Asian Cities"]
[Site "Jakarta INA"]
[Date "2011.04.23"]
[Round "2.7"]
[White "Khademalsharieh, Sarasadat"]
[Black "Sultan, Ibrahim"]
[Result "1-0"]
[WhiteTitle "WFM"]
[WhiteElo "2137"]
[BlackElo "1791"]
[WhiteTeam "Mashhad"]
[BlackTeam "Dubai"]
[WhiteFideId "12512214"]
[BlackFideId "9301143"]
[EventDate "2011.04.22"]

1. d4 d5 2. Nf3 Nf6 3. Bf4 e6 4. Nbd2 c5 5. c3 Nc6 6. e3 Be7 7. Bd3 O-O 8. Ne5
cxd4 9. exd4 Ne8 10. O-O Bf6 11. Re1 Bxe5 12. Bxe5 Nxe5 13. dxe5 f5 14. Nf3 Rf7
15. Qd2 h6 16. Nd4 Nc7 17. f4 a5 18. Qf2 Na6 19. Nb5 Rd7 20. Nd6 Rxd6 21. exd6
Qxd6 22. Bxa6 Rxa6 23. Rad1 Qc7 24. Rd4 Rc6 25. Qe2 Bd7 26. Red1 Kh8 27. a4 Qb6
28. Kh1 Qb3 29. c4 Bc8 30. cxd5 exd5 31. Rxd5 Qxa4 32. Qe8+ Kh7 33. Rd8 Be6 34.
R8d6 Bg8 35. Qe5 Qc2 36. h3 Bb3 37. R1d3 Qb1+ 38. Kh2 Rxd6 39. Rxd6 Bf7 40. Rd7
Kg6 41. Qd6+ 1-0

[Event "17th Asian Cities"]
[Site "Jakarta INA"]
[Date "2011.04.23"]
[Round "2.7"]
[White "Suhail, Abdurahim"]
[Black "Alavi, Homa"]
[Result "1-0"]
[WhiteElo "2242"]
[BlackElo "2008"]
[WhiteTeam "Dubai"]
[BlackTeam "Mashhad"]
[WhiteFideId "9300228"]
[BlackFideId "12507547"]
[EventDate "2011.04.22"]

1. Nc3 d5 2. e4 d4 3. Nce2 e5 4. Ng3 Nf6 5. Bc4 Bd6 6. Nf3 Nc6 7. a3 O-O 8. d3
Ne7 9. Bg5 Ng6 10. Nf5 h6 11. N3h4 Nxh4 12. Bxh4 Bxf5 13. exf5 c5 14. Bxf6 Qxf6
15. Qf3 Rab8 16. h4 Kh7 17. g4 g6 18. Bd5 gxf5 19. Be4 Be7 20. Bxf5+ Kh8 21. g5
Qc6 22. Be4 Qe6 23. Bd5 Qg6 24. O-O-O hxg5 25. hxg5+ Kg7 26. Rdg1 Rh8 27. Qg3
Qd6 28. Be4 Rbg8 29. Rh6 Qc7 30. Qh4 Qd8 31. Rh7+ Rxh7 32. Qxh7+ Kf8 33. g6 Bg5+
34. Kb1 fxg6 35. Qxb7 Rg7 36. Qc6 Qe7 37. Qa8+ Qd8 38. Rxg5 1-0

[Event "17th Asian Cities"]
[Site "Jakarta INA"]
[Date "2011.04.23"]
[Round "2.8"]
[White "Tsang, Hon Ki"]
[Black "Medina, Warda Aulia"]
[Result "0-1"]
[BlackTitle "WFM"]
[WhiteElo "2079"]
[BlackElo "2035"]
[WhiteTeam "Hongkong"]
[BlackTeam "Tarakan"]
[WhiteFideId "6000185"]
[BlackFideId "7101570"]
[EventDate "2011.04.22"]

1. e4 e6 2. d3 d5 3. Nd2 c5 4. g3 Nc6 5. Bg2 Nf6 6. Ngf3 Be7 7. O-O O-O 8. Re1
Qc7 9. c3 b6 10. e5 Nd7 11. d4 cxd4 12. cxd4 Nb4 13. Re3 Qc2 14. Qe1 Qg6 15. Rc3
Nc2 16. Qd1 Nxa1 17. Bf1 f6 18. exf6 Qxf6 19. Nb1 Bd6 20. Bg5 Qf7 21. Nbd2 Bb7
22. Qxa1 e5 23. Be3 Rae8 24. Qb1 h6 25. b4 exd4 26. Bxd4 Ne5 27. Bb5 Re7 28. a3
Nxf3+ 29. Rxf3 Qh5 30. Rxf8+ Kxf8 31. Qh7 Be5 32. Be3 Bc3 33. Nf1 d4 34. Bc4 Bd5
35. Bxd5 Qxd5 36. Bf4 Re1 37. Qd3 b5 38. Bd2 Bxd2 39. Qxd2 Qe4 40. f3 Qe2 41.
Qxe2 Rxe2 0-1

[Event "17th Asian Cities"]
[Site "Jakarta INA"]
[Date "2011.04.23"]
[Round "2.8"]
[White "Sihite, Chelsie Monica"]
[Black "Lee, T H Bryan"]
[Result "1-0"]
[WhiteTitle "WFM"]
[WhiteElo "2039"]
[BlackElo "1964"]
[WhiteTeam "Tarakan"]
[BlackTeam "Hongkong"]
[WhiteFideId "7101198"]
[BlackFideId "6000584"]
[EventDate "2011.04.22"]

1. e4 e5 2. Nf3 Nc6 3. Bc4 Bc5 4. c3 Nf6 5. d3 d6 6. Bb3 O-O 7. Nbd2 a6 8. O-O
Ba7 9. h3 h6 10. Re1 Nh5 11. Nf1 Qf6 12. Be3 Nf4 13. Bxa7 Rxa7 14. Re3 Be6 15.
d4 Ne7 16. dxe5 dxe5 17. Bxe6 Qxe6 18. Ng3 Raa8 19. Qa4 Nc6 20. Qc2 g6 21. Ne2
Rfd8 22. Nxf4 exf4 23. Ree1 Rd7 24. b3 Ne5 25. Qe2 Rad8 26. Nd4 Qe7 27. b4 c5
28. bxc5 Qxc5 29. Rec1 Nc6 30. Qg4 Nxd4 31. cxd4 Qxd4 32. Qxf4 Qg7 33. Rab1 h5
34. Kh2 Qf8 35. Rb6 Qa3 36. Rc7 Qxa2 37. Rcxb7 Rxb7 38. Rxb7 Qe6 39. f3 Re8 40.
Qc7 Qe5+ 41. Qxe5 Rxe5 42. Ra7 Ra5 43. Kg3 Ra2 44. h4 a5 45. Kh3 Ra3 46. e5 a4
47. Ra8+ Kg7 48. Ra7 Kf8 49. Kg3 Ra2 50. Kf4 a3 51. Kg5 Rxg2+ 52. Kf6 Kg8 53.
Ra8+ Kh7 54. Rxa3 Re2 55. Ra7 Kg8 56. Ra8+ Kh7 57. Rf8 Rf2 58. Rxf7+ Kg8 59.
Kxg6 Rg2+ 60. Kf6 Rf2 61. Rg7+ Kf8 62. Rg3 Ra2 63. e6 Ra6 64. f4 Rb6 65. Rg5 1-0

[Event "17th Asian Cities"]
[Site "Jakarta INA"]
[Date "2011.04.23"]
[Round "2.8"]
[White "Kuan, Julian"]
[Black "Dewi, Aa Citra"]
[Result "0-1"]
[BlackTitle "WFM"]
[WhiteElo "1768"]
[BlackElo "1994"]
[WhiteTeam "Hongkong"]
[BlackTeam "Tarakan"]
[WhiteFideId "6001025"]
[BlackFideId "7101244"]
[EventDate "2011.04.22"]

1. e4 c5 2. Nf3 d6 3. d4 cxd4 4. Nxd4 Nf6 5. Nc3 e6 6. Bc4 a6 7. Bb3 b5 8. O-O
Be7 9. Qf3 Qc7 10. Bg5 O-O 11. Rfe1 Nbd7 12. Qg3 Nc5 13. Bh6 Ne8 14. Rad1 Bb7
15. f3 Kh8 16. Bg5 Nf6 17. a3 Nxb3 18. Nxb3 Rac8 19. Bf4 Rfd8 20. Qf2 Nd7 21.
Be3 Bf6 22. Bd4 Bxd4 23. Qxd4 Ne5 24. Nd2 Qc5 25. Qf2 Kg8 26. f4 Ng6 27. g3
Qxf2+ 28. Kxf2 d5 29. exd5 Bxd5 30. Nxd5 Rxd5 31. c3 Rcd8 32. Ke2 e5 33. f5 Ne7
34. g4 f6 35. Nb3 g6 36. Rxd5 Rxd5 37. fxg6 hxg6 38. Rd1 Rxd1 39. Kxd1 Nd5 40.
Ke2 f5 41. gxf5 gxf5 42. Nc5 Nc7 43. a4 Kf7 44. axb5 axb5 45. Nd3 Kf6 46. Nb4 f4
47. b3 e4 48. c4 bxc4 49. bxc4 Ne6 50. Nc2 Ke5 51. h4 Ng7 52. Kf2 Nh5 53. Ke2
Nf6 54. Kf2 Ng4+ 55. Ke2 f3+ 56. Kf1 e3 57. h5 Nh2+ 58. Kg1 f2+ 0-1

[Event "17th Asian Cities"]
[Site "Jakarta INA"]
[Date "2011.04.23"]
[Round "2.9"]
[White "Tan, Khai Boon"]
[Black "Lee, Sanghoon"]
[Result "1/2-1/2"]
[BlackTitle "CM"]
[WhiteElo "2150"]
[BlackElo "2132"]
[WhiteTeam "Penang"]
[BlackTeam "Seoul"]
[WhiteFideId "5701970"]
[BlackFideId "13200011"]
[EventDate "2011.04.22"]

1. d4 Nf6 2. c4 g6 3. Nc3 d5 4. cxd5 Nxd5 5. Na4 Bg7 6. Nf3 O-O 7. e4 Nb6 8. Be3
Nxa4 9. Qxa4 c5 10. Rd1 Qb6 11. Qb5 cxd4 12. Bxd4 Bxd4 13. Nxd4 e5 14. Nb3 Nc6
15. Bc4 Qxb5 16. Bxb5 Be6 17. Bxc6 bxc6 18. Kd2 Rab8 19. Kc3 Rb5 20. Rd2 Bxb3
21. axb3 Rfb8 22. Kc2 Rxb3 23. Kb1 R3b4 24. f3 c5 25. Rc1 c4 26. Rc3 a5 27. Rdc2
Rc8 28. Rd2 a4 29. Kc1 Kf8 30. Rd5 f6 31. Ra5 Rc7 32. Ra3 Rcb7 33. Ra2 Rb3 34.
R5xa4 c3 35. bxc3 Rxc3+ 36. Kd2 Rcb3 37. Ra8+ Kg7 38. R8a7 1/2-1/2

[Event "17th Asian Cities"]
[Site "Jakarta INA"]
[Date "2011.04.23"]
[Round "2.9"]
[White "Jang, Kyungsik"]
[Black "Yeap, Eng Chiam"]
[Result "0-1"]
[WhiteElo "1779"]
[BlackElo "2140"]
[WhiteTeam "Seoul"]
[BlackTeam "Penang"]
[WhiteFideId "13201166"]
[BlackFideId "5702682"]
[EventDate "2011.04.22"]

1. c4 e5 2. Nc3 Nf6 3. g3 Nc6 4. Bg2 Bc5 5. e3 d6 6. Nge2 O-O 7. O-O Bf5 8. d4
Bb6 9. a3 Qe7 10. b4 Rad8 11. Bb2 Nb8 12. Qc1 c6 13. Rd1 Bg6 14. Rd2 Rfe8 15.
Qf1 Qe6 16. d5 Qg4 17. dxc6 bxc6 18. Nc1 d5 19. cxd5 cxd5 20. h3 Qe6 21. Na4 Ne4
22. Rd1 Nxg3 23. fxg3 Bxe3+ 24. Kh2 Bc2 25. Re1 d4 26. Nc5 Qg6 27. Qe2 Nd7 28.
N1d3 Bxd3 29. Qxd3 Nb6 30. Qxg6 hxg6 31. Bc6 Re7 32. Bb5 f5 33. Bc1 f4 34. Bxe3
fxe3 35. Rad1 Rf8 36. Rf1 Rf6 37. Ne4 Rf5 38. Kg2 Kh7 39. Rc1 Nd5 40. Rc5 e2 41.
Re1 Ne3+ 42. Kg1 Rd7 43. Bxd7 Rf1+ 44. Kh2 d3 45. Rxe5 Rxe1 46. Ng5+ Kh6 47.
Nf7+ Kh7 48. Rxe3 Rf1 49. Ne5 d2 0-1

[Event "17th Asian Cities"]
[Site "Jakarta INA"]
[Date "2011.04.23"]
[Round "2.9"]
[White "Looi, Xin Hao"]
[Black "Song, Jinwoo"]
[Result "1-0"]
[BlackTitle "FM"]
[WhiteElo "1970"]
[BlackElo "1987"]
[WhiteTeam "Penang"]
[BlackTeam "Seoul"]
[WhiteFideId "5702828"]
[BlackFideId "413003"]
[EventDate "2011.04.22"]

1. d4 Nf6 2. c4 e5 3. dxe5 Ng4 4. Nf3 Bc5 5. e3 Nc6 6. Nbd2 O-O 7. a3 a5 8. Bd3
Ncxe5 9. Nxe5 Nxe5 10. Bxh7+ Kxh7 11. Qh5+ Kg8 12. Qxe5 d6 13. Qh5 Re8 14. Nf3
Qf6 15. Qg5 Qxg5 16. Nxg5 Bf5 17. Bd2 Bd4 18. O-O-O Bf6 19. Nf3 Be6 20. Bc3 Bxc3
21. bxc3 Bxc4 22. Rd4 Bb5 23. h4 Bc6 24. Nd2 Bxg2 25. Rg1 Bh3 26. Ne4 Kh8 27. h5
Re5 28. Ng5 Be6 29. Rf4 f6 30. Nxe6 Rxe6 31. Rfg4 Rg8 32. Rg6 Re5 33. h6 Rg5 34.
hxg7+ Rxg7 35. Rh1+ Kg8 36. Rxf6 Rb5 37. Kc2 Rg2 38. Rh4 Kg7 39. Rhf4 Rc5 40.
Rf7+ Kg6 41. Rf8 Kg7 42. R4f7+ Kg6 43. Rd7 Rgg5 44. Rff7 Rgf5 45. Rg7+ Kh6 46.
f4 Rh5 47. Rxc7 Rh2+ 48. Kd3 Ra2 49. Rxc5 dxc5 50. Rxb7 Rxa3 51. Rb5 Ra1 52.
Rxc5 a4 53. Ra5 Kg6 54. Ke4 a3 55. Ke5 a2 56. f5+ Kf7 57. Ra7+ Ke8 58. e4 Kd8
59. f6 1-0

[Event "17th Asian Cities"]
[Site "Jakarta INA"]
[Date "2011.04.23"]
[Round "2.10"]
[White "Battulga, Namkhai"]
[Black "Wong, Meng Kong"]
[Result "1/2-1/2"]
[WhiteTitle "FM"]
[BlackTitle "GM"]
[WhiteElo "2420"]
[BlackElo "2358"]
[WhiteTeam "Erdenet"]
[BlackTeam "Singapore"]
[WhiteFideId "4900880"]
[BlackFideId "5800030"]
[EventDate "2011.04.22"]

1. e4 c5 2. Nf3 a6 3. d4 cxd4 4. Nxd4 Nf6 5. Bd3 e5 6. Nb3 Be7 7. c4 O-O 8. Nc3
d6 9. O-O Be6 10. Qe2 Nbd7 11. f3 Qb8 12. Be3 Rc8 13. Rac1 Bd8 14. Nd5 Bxd5 15.
cxd5 Bb6 16. Bxb6 Nxb6 17. Na5 Nbd7 18. b4 Kf8 19. Qe3 Rxc1 20. Rxc1 Ne8 21. Rc3
b6 22. Nc6 Qb7 23. a4 h6 24. g3 a5 25. Bb5 axb4 26. Nxb4 Rc8 27. Rc6 Nc5 28. Qc3
Ra8 29. Qc2 Qa7 30. Kg2 Nxa4 31. Bxa4 Qxa4 32. Qxa4 Rxa4 33. Rxb6 g6 34. Rb8 f5
35. exf5 gxf5 36. g4 fxg4 37. fxg4 Ra3 38. Nc6 Rd3 39. Rb7 Nf6 40. Ne7 Nxg4 41.
Nf5 Rxd5 42. h3 Nf6 43. Nxh6 Nh5 44. Kf3 Rd4 45. Ng4 Nf4 46. Rh7 Ne6 47. h4 Rf4+
48. Kg3 Nd4 49. h5 Nf5+ 50. Kh3 Rf3+ 51. Kh2 Ne3 52. Nxe3 Rxe3 53. Rd7 Rd3 54.
h6 Kg8 55. Kg2 e4 56. Kf2 Rf3+ 57. Ke2 Rf6 58. h7+ Kh8 59. Ke3 Re6 60. Ra7 d5
61. Rd7 Re5 62. Ra7 Rf5 63. Rd7 Rf3+ 64. Ke2 Rd3 65. Ra7 Rg3 66. Rd7 Rg5 67. Ke3
Re5 68. Ra7 Rh5 69. Rd7 Rf5 70. Ra7 Re5 71. Rd7 Rg5 72. Ke2 Rh5 73. Ke3 Re5 74.
Ra7 Rh5 75. Rd7 Rg5 76. Ke2 Rg7 77. Rxd5 Kxh7 78. Re5 Rg4 79. Ke3 Kg6 80. Rxe4
Rxe4+ 81. Kxe4 1/2-1/2

[Event "17th Asian Cities"]
[Site "Jakarta INA"]
[Date "2011.04.23"]
[Round "2.10"]
[White "Iskandar, Bin Abdullah"]
[Black "Ganbold, Choidog"]
[Result "1-0"]
[WhiteElo "1876"]
[BlackElo "2196"]
[WhiteTeam "Singapore"]
[BlackTeam "Erdenet"]
[WhiteFideId "5802105"]
[BlackFideId "4900480"]
[EventDate "2011.04.22"]

1. d4 f5 2. g3 g6 3. Bg2 Nf6 4. Nf3 Bg7 5. O-O d6 6. Nbd2 O-O 7. c3 c6 8. Re1 d5
9. Ne5 Ne4 10. Nd3 Nd7 11. f3 Nd6 12. e4 e6 13. Qc2 Kh8 14. Kh1 Nf7 15. exd5
exd5 16. b3 Nh6 17. Ba3 Rf7 18. Re2 Ng8 19. Rae1 Qc7 20. Ne5 Nxe5 21. dxe5 Be6
22. f4 Bf8 23. Bb2 Re8 24. Nf3 Qc8 25. Rd1 h6 26. Nd4 Kh7 27. c4 dxc4 28. Nxe6
Qxe6 29. Qxc4 Qxc4 30. bxc4 Re6 31. Red2 Bc5 32. Bd4 Bxd4 33. Rxd4 Kg7 34. Bf1
Re8 35. c5 Rfe7 36. Kg2 h5 37. Kf3 Nh6 38. h3 Nf7 39. Rd7 Nh6 40. Bc4 Nf7 41. a4
a6 42. R1d2 Nh6 43. R7d6 Rf8 44. Ba2 Kh7 45. Rd7 Re8 46. Bc4 Kg7 47. R7d3 Kf8
48. Rb2 Rc8 49. Ke3 Nf7 50. Kf3 Nh6 51. Rdb3 Rcc7 52. Rd3 Rc8 53. e6 Ng8 54. Rd7
Rc7 55. Rbd2 Nf6 56. Rd8+ Re8 57. R8d4 Rce7 58. Re2 Kg7 59. Rd6 Nh7 60. g4 hxg4+
61. hxg4 fxg4+ 62. Kxg4 Nf6+ 63. Kf3 Rh8 64. Ke3 Rh3+ 65. Kd4 Nh5 66. Ke5 Ng3
67. Rd7 Rh5+ 68. Kd6 Nf5+ 69. Kc7 Kf6 70. Kxb7 Rh4 71. Kxc6 Rxf4 72. Bxa6 Rxa4
73. Kb5 Rf4 74. Rxe7 Kxe7 75. Kb6 g5 76. c6 Nd6 77. c7 Rf8 78. Kc6 Ra8 79. Bb7
Ra3 80. c8=Q Nxc8 81. Bxc8 Rc3+ 82. Kb7 g4 83. Bd7 g3 84. Rg2 Kf6 85. Kb6 Re3
86. Rd2 Ke7 87. Kc5 Kf6 88. Kd6 Re1 89. Rg2 Rd1+ 90. Kc5 Rd3 91. Kc4 1-0

[Event "17th Asian Cities"]
[Site "Jakarta INA"]
[Date "2011.04.23"]
[Round "2.11"]
[White "Omar, Noaman"]
[Black "Kadek, Iin Dwijayanti"]
[Result "1/2-1/2"]
[BlackTitle "WCM"]
[WhiteElo "2253"]
[BlackElo "1919"]
[WhiteTeam "Sharjah"]
[BlackTeam "Pekanbaru"]
[WhiteFideId "9300244"]
[BlackFideId "7101066"]
[EventDate "2011.04.22"]

1. d4 d5 2. Nf3 c6 3. c4 e6 4. Bg5 Nf6 5. Nc3 Be7 6. e3 Nbd7 7. Qc2 O-O 8. Rd1
h6 9. Bh4 a6 10. a3 Qa5 11. c5 Re8 12. Bd3 b5 13. O-O Bb7 14. e4 dxe4 15. Bxe4
Qd8 16. Rfe1 a5 17. b4 Nd5 18. Bxe7 Rxe7 19. Bxd5 exd5 20. h3 axb4 21. axb4 Nf6
22. Rxe7 Qxe7 23. Re1 Qc7 24. Ne5 Bc8 25. Qb2 Bf5 26. Ra1 Qb7 27. Ra3 Nd7 28.
Nxd7 Bxd7 29. Qa2 Rxa3 30. Qxa3 Qc8 31. Nd1 Qe8 32. Qe3 Qxe3 33. Nxe3 f6 34. Kh2
Kf7 35. Kg3 g5 36. Nc2 h5 37. h4 Kg6 38. f3 Bf5 39. Na1 Bd7 40. Nb3 Bc8 41. Na5
Bd7 42. Nb7 Bc8 43. Nd6 Bd7 44. hxg5 fxg5 45. Kf2 Kf6 46. f4 gxf4 47. Kf3 Kg5
48. Nf7+ Kf5 49. Ne5 Be8 50. Nd3 h4 51. Nxf4 Bf7 52. Ke3 Kg4 53. Ne2 Bg6 54. Kf2
Bd3 55. Ng1 Be4 56. Ne2 Bd3 57. Ng1 Be4 58. Ne2 Bd3 59. Ng1 Be4 60. Ne2 1/2-1/2

[Event "17th Asian Cities"]
[Site "Jakarta INA"]
[Date "2011.04.23"]
[Round "2.12"]
[White "Jayamurthey, Pavitranayagi"]
[Black "Yee, Soon Wei"]
[Result "1/2-1/2"]
[BlackTitle "FM"]
[WhiteElo "1676"]
[BlackElo "2285"]
[WhiteTeam "Putrajaya"]
[BlackTeam "Bandar Seri Begawan"]
[WhiteFideId "5708885"]
[BlackFideId "10500553"]
[EventDate "2011.04.22"]

1. e4 e5 2. Nf3 Nc6 3. Bc4 Bc5 4. d3 Nf6 5. Nc3 d6 6. h3 h6 7. O-O Be6 8. Bb3
Qd7 9. Be3 O-O 10. Nd5 Bxd5 11. Bxd5 Bxe3 12. fxe3 Nxd5 13. exd5 Ne7 14. c4 f5
15. Qe1 Rf6 16. a4 Raf8 17. b3 g5 18. Nh2 Ng6 19. Ra2 h5 20. Raf2 f4 21. Qe2 Qh7
22. b4 Nh4 23. e4 Kh8 24. b5 Rg8 25. g3 Ng6 26. g4 f3 27. Rxf3 Nf4 28. Qe3 Rh6
29. Kf2 Rf8 30. Ke1 b6 31. Kd2 Ra8 32. Kc3 a6 33. Kb4 Qd7 34. d4 h4 35. dxe5
dxe5 36. Qc3 Qe7+ 37. Kb3 axb5 38. cxb5 Ne2 39. Qc4 Nd4+ 40. Kb2 Nxf3 41. Rxf3
Rf6 42. Kb3 Raf8 43. Rf5 Qg7 44. Qc3 Re8 45. Qf3 Rxf5 46. gxf5 Kg8 47. Qh5 Rf8
48. Nf3 Qf6 49. Nxg5 Qg7 50. Qxh4 Rf6 51. Ne6 Qh6 52. Qg3+ Kh8 53. Qxe5 Qe3+ 54.
Kc2 Qe2+ 55. Kb3 Qd1+ 56. Kb4 Qe1+ 57. Kb3 Qd1+ 58. Kb4 Qe1+ 59. Kb3 Qd1+ 60.
Kb4 1/2-1/2

[Event "17th Asian Cities"]
[Site "Jakarta INA"]
[Date "2011.04.23"]
[Round "3.1"]
[White "Yu, Yangyi"]
[Black "Purnama, Tirta Chandra"]
[Result "1/2-1/2"]
[WhiteTitle "GM"]
[BlackTitle "IM"]
[WhiteElo "2652"]
[BlackElo "2404"]
[WhiteTeam "Shi Jiazhuang"]
[BlackTeam "Jakarta"]
[WhiteFideId "8603820"]
[BlackFideId "7101422"]
[EventDate "2011.04.22"]

1. e4 e5 2. Nc3 Nc6 3. g3 Bc5 4. Bg2 d6 5. Nge2 a6 6. d3 f5 7. exf5 Bxf5 8.
Bxc6+ bxc6 9. d4 exd4 10. Nxd4 Qf6 11. Qe2+ Ne7 12. Nxf5 Qxf5 13. Be3 Bb4 14.
Bd4 O-O 15. O-O-O c5 16. Qxe7 cxd4 17. Rxd4 Bxc3 18. bxc3 Qf3 19. Re1 Qxc3 20.
Qe3 Qa1+ 21. Kd2 Qxa2 22. f4 Qa5+ 23. Qc3 Qxc3+ 24. Kxc3 Rfe8 25. Rxe8+ Rxe8 26.
Rc4 Re2 27. Rxc7 Rxh2 28. Rd7 Rg2 29. Rxd6 Rxg3+ 30. Kd4 Rf3 31. Ke5 Rc3 32.
Rxa6 Rxc2 33. Ra8+ Kf7 34. Ra7+ Kg6 35. f5+ Kh6 36. Kf4 Rc4+ 37. Kg3 Rc3+ 38.
Kg4 Rc4+ 39. Kg3 Rb4 40. Rc7 Ra4 41. Rb7 Ra1 42. Rc7 Rf1 43. Kg4 Rg1+ 44. Kh4
Rh1+ 45. Kg4 Rg1+ 46. Kh4 Rh1+ 1/2-1/2

[Event "17th Asian Cities"]
[Site "Jakarta INA"]
[Date "2011.04.23"]
[Round "3.1"]
[White "Megaranto, Susanto"]
[Black "Li, Chao b"]
[Result "1/2-1/2"]
[WhiteTitle "GM"]
[BlackTitle "GM"]
[WhiteElo "2533"]
[BlackElo "2646"]
[WhiteTeam "Jakarta"]
[BlackTeam "Shi Jiazhuang"]
[WhiteFideId "7101384"]
[BlackFideId "8604436"]
[EventDate "2011.04.22"]

1. e4 e5 2. Nf3 Nf6 3. Nxe5 d6 4. Nf3 Nxe4 5. d4 d5 6. Bd3 Be7 7. O-O Nc6 8. c4
Nb4 9. Be2 O-O 10. Nc3 Bf5 11. a3 Nxc3 12. bxc3 Nc6 13. Re1 Re8 14. Bf4 dxc4 15.
Bxc4 Bd6 16. Rxe8+ Qxe8 17. Ng5 Bg6 18. Bxd6 cxd6 19. h4 Qe7 20. Qg4 h6 21. Nh3
Qe4 22. Qxe4 Bxe4 23. Re1 Na5 24. Ba2 Bd3 25. Re7 Bc4 26. Bxc4 Nxc4 27. Rxb7
Nxa3 28. Nf4 a5 29. Nd5 Nc4 30. Nc7 Rd8 31. Nd5 Ra8 32. Nc7 Rd8 33. Nd5 Ra8 34.
Nc7 1/2-1/2

[Event "17th Asian Cities"]
[Site "Jakarta INA"]
[Date "2011.04.23"]
[Round "3.1"]
[White "Wan, Yunguo"]
[Black "Lioe, Dede"]
[Result "1-0"]
[BlackTitle "IM"]
[WhiteElo "2458"]
[BlackElo "2418"]
[WhiteTeam "Shi Jiazhuang"]
[BlackTeam "Jakarta"]
[WhiteFideId "8603189"]
[BlackFideId "7100566"]
[EventDate "2011.04.22"]

1. e4 c5 2. Nf3 e6 3. d4 cxd4 4. Nxd4 a6 5. Bd3 Qc7 6. O-O Nf6 7. Qe2 d6 8. f4
Nbd7 9. Nf3 Be7 10. Nc3 e5 11. Kh1 O-O 12. fxe5 dxe5 13. Bg5 Nc5 14. Bxf6 Bxf6
15. Nd5 Qd6 16. Nd2 Bd8 17. Nc4 Qe6 18. Nce3 Kh8 19. b4 Nxd3 20. Qxd3 Qc6 21.
Nc4 Bc7 22. Nxc7 Qxc7 23. Qd6 Qxd6 24. Nxd6 Be6 25. c4 Rfd8 26. Nxf7+ Bxf7 27.
Rxf7 Rd4 28. Raf1 Kg8 29. h3 Rb8 30. Rc7 Rf8 31. Rxf8+ Kxf8 32. a4 b5 33. cxb5
axb5 34. a5 1-0